header

The lost land of Lemuria (Record no. 41980)

MARC details
000 -LEADER
fixed length control field 01614nam a22003734a 4500
082 04 - DEWEY DECIMAL CLASSIFICATION NUMBER
Classification number 001.94
100 1# - MAIN ENTRY--AUTHOR NAME
Personal name Ramaswamy, Sumathi.
245 14 - TITLE STATEMENT
Title The lost land of Lemuria
260 ## - PUBLICATION, DISTRIBUTION, ETC. (IMPRINT)
Place of publication Berkeley :
Name of publisher University of California Press,
Year of publication c2004.
300 ## - PHYSICAL DESCRIPTION
Number of Pages xvii, 334 p. :
Other physical details maps.
505 0# - FORMATTED CONTENTS NOTE
Formatted contents note Placing loss -- Science in the service of loss -- Occult losses -- Living loss at land's end -- Flooding history : geographies of loss -- Mapping loss -- Laboring against loss.
650 #0 - SUBJECT ADDED ENTRY--TOPICAL TERM
Topical Term Lost continents.
Topical Term Tamil (Indic people)
Topical Term Tamil (Indic people)
Topical Term Civilization, Ancient.
Topical Term Lemuria.
856 40 - ELECTRONIC LOCATION AND ACCESS
Uniform Resource Identifier http://site.ebrary.com/lib/rucke/Doc?id=10068610

No items available.

© 2026 Rongo University
Contact us: librarian | system librarian | Rongo university